000 00591pam a2200193 a 4500
020 _a0070496137 :
040 _cDLC
082 0 0 _a660 HIL 1991 A038 Or.
100 1 _aPeters, Max Stone,
245 1 0 _aPlant design and economics for chemical engineers /
250 _a4th ed.
260 _aNew York :
_bMcGraw-Hill,
_cc1991.
300 _axv, 910 p. :
_bill. ;
_c25 cm.
650 0 _aChemical plants
700 1 _aTimmerhaus, Klaus D.
856 4 2 _uhttp://www.loc.gov/catdir/description/mh022/89077497.html
856 4 1 _uhttp://www.loc.gov/catdir/toc/mh021/89077497.html
942 _cEK
999 _c11560
_d11560